<?xml version="1.0" encoding="UTF-8"?>
<record
    xmlns:xsi="http://www.w3.org/2001/XMLSchema-instance"
    xsi:schemaLocation="http://www.loc.gov/MARC21/slim http://www.loc.gov/standards/marcxml/schema/MARC21slim.xsd"
    xmlns="http://www.loc.gov/MARC21/slim">

  <leader>00852nam a22002534a 4500</leader>
  <controlfield tag="001">000081187</controlfield>
  <controlfield tag="005">20250109105213.0</controlfield>
  <controlfield tag="008">                                   por  </controlfield>
  <datafield tag="020" ind1=" " ind2=" ">
    <subfield code="a">311978857052519</subfield>
  </datafield>
  <datafield tag="082" ind1=" " ind2=" ">
    <subfield code="a">368.100981 </subfield>
  </datafield>
  <datafield tag="094" ind1=" " ind2=" ">
    <subfield code="a">bndigital00172</subfield>
  </datafield>
  <datafield tag="095" ind1=" " ind2=" ">
    <subfield code="a">Livro</subfield>
  </datafield>
  <datafield tag="245" ind1=" " ind2=" ">
    <subfield code="a">Gest&#xE3;o do risco e seguro na agricultura brasileira</subfield>
    <subfield code="h">Livro</subfield>
  </datafield>
  <datafield tag="260" ind1=" " ind2=" ">
    <subfield code="a">Rio de Janeiro, RJ</subfield>
    <subfield code="b">FUNENSEG</subfield>
    <subfield code="c">2011</subfield>
  </datafield>
  <datafield tag="300" ind1=" " ind2=" ">
    <subfield code="a">311 p.</subfield>
  </datafield>
  <datafield tag="500" ind1=" " ind2=" ">
    <subfield code="a">Organiza&#xE7;&#xE3;o de Ant&#xF4;nio M&#xE1;rcio Buainain, Pedro Abel Vieira e Wady Jos&#xE9; Mour&#xE3;o Cury; colabora&#xE7;&#xE3;o de Carolina Nesper Pereira.</subfield>
  </datafield>
  <datafield tag="540" ind1=" " ind2=" ">
    <subfield code="a">Biblioteca Nacional (Brasil)</subfield>
  </datafield>
  <datafield tag="650" ind1=" " ind2=" ">
    <subfield code="a">Seguro agr&#xED;cola</subfield>
  </datafield>
  <datafield tag="650" ind1=" " ind2=" ">
    <subfield code="a">Insurance, Agricultural</subfield>
  </datafield>
  <datafield tag="856" ind1=" " ind2=" ">
    <subfield code="u">http://memoria.bn.br/DOCREADER/DOCREADER.ASPX?bib=Bib&amp;PagFis=23950</subfield>
    <subfield code="y">HTM</subfield>
  </datafield>
  <datafield tag="856" ind1=" " ind2=" ">
    <subfield code="q">tiff</subfield>
  </datafield>
  <datafield tag="990" ind1=" " ind2=" ">
    <subfield code="a">Livro</subfield>
  </datafield>
  <datafield tag="999" ind1=" " ind2=" ">
    <subfield code="c">9</subfield>
    <subfield code="d">9</subfield>
  </datafield>
</record>
